00807nam a2200205 u 450000100100000000500170001000800410002704000250006808200150009310000400010824500910014826000560023930000210029549000520031670000400036883000540040804900090046295201130047199900170058400002329620200930022123.0101201s1973 ck r 000 j spa d aDO-SdBNPbspacBNPHU axxxbC355j1 aCastrillón Arboleda, Diego94797410aJosé Tombé :bnovela /cDiego Castrillón Arboleda; prólogo Guillermo Valencia. aBogotá :bInstituto Colombiano de Cultura,c1973. a191 p. ;c17 cm. 0aBiblioteca Colombiana de Cultura. Popular;v1191 aValencia, Guillermoepról.947975 0aBiblioteca Colombiana de Cultura. Popular;947976 aBNGR 001050718MOaGRbGRcCTd2010-12-01iLF1l0oxxx C355jp23296-10r2020-06-25w2020-06-25y1ZNo se presta c22793d22793